Metody projektirovanija programmnych sistem
Salvato in:
| Autore principale: | |
|---|---|
| Natura: | Libro |
| Lingua: | russo |
| Pubblicazione: |
Moskva
Mir
1985
|
| Tags: |
Nessun Tag, puoi essere il primo ad aggiungerne!!
|
MARC
| LEADER | 00000nam a2200000 4500 | ||
|---|---|---|---|
| 001 | c110119 | ||
| 005 | 20240911103129.2 | ||
| 041 | 0 | |a rus | |
| 044 | |a RU | ||
| 245 | 1 | 0 | |a Metody projektirovanija programmnych sistem |c Carol A. Ziegler ; [Perevod s anglijskogo M.V. Sergijevskogo] |
| 264 | 1 | |a Moskva |b Mir |c 1985 | |
| 300 | |a 328 s. | ||
| 100 | 1 | |a Ziegler, Carol A. | |